Affaire Nicaragua-Etats-Unis devant la Cour internationale de justice / (Record no. 2331)

MARC details
000 -LEADER
fixed length control field 02311cam a2200493 a 4500
001 - CONTROL NUMBER
control field ocm23180807
003 - CONTROL NUMBER IDENTIFIER
control field TZ-ArACH
005 - DATE AND TIME OF LATEST TRANSACTION
control field 20130523114325.0
008 - FIXED-LENGTH DATA ELEMENTS--GENERAL INFORMATION
fixed length control field 901018s1990 fr b 000 0 fre
010 ## - LIBRARY OF CONGRESS CONTROL NUMBER
LC control number 90205576
020 ## - INTERNATIONAL STANDARD BOOK NUMBER
International Standard Book Number 2275007636
020 ## - INTERNATIONAL STANDARD BOOK NUMBER
International Standard Book Number 9782275007632
035 ## - SYSTEM CONTROL NUMBER
System control number (OCoLC)23180807
Canceled/invalid control number (OCoLC)21548818
-- (OCoLC)21551251
-- (OCoLC)183207415
040 ## - CATALOGING SOURCE
Original cataloging agency DLC
Language of cataloging eng
Transcribing agency TZ-ArACH
Modifying agency FCI
-- NLGGC
-- LVB
-- NYDWH
-- OCLCG
-- EMI
-- GEBAY
-- GBVCP
-- OCLCO
041 ## - LANGUAGE CODE
Language code of text/sound track or separate title Fre
049 ## - LOCAL HOLDINGS (OCLC)
Holding library TZAA
050 00 - LIBRARY OF CONGRESS CALL NUMBER
Classification number JX1428.N5
Item number L36 1990
050 04 - LIBRARY OF CONGRESS CALL NUMBER
Classification number JZ1529
Item number .L36
082 00 - DEWEY DECIMAL CLASSIFICATION NUMBER
Classification number 341.5/02687285/073
Edition number 20
100 1# - MAIN ENTRY--PERSONAL NAME
Personal name Lang, Caroline,
Titles and other words associated with a name docteur en droit.
9 (RLIN) 10984
245 12 - TITLE STATEMENT
Title Affaire Nicaragua-Etats-Unis devant la Cour internationale de justice /
Statement of responsibility, etc Caroline Lang ; avant-propos de Mohammed Bedjaoui ; préface de Brigitte Stern.
260 ## - PUBLICATION, DISTRIBUTION, ETC. (IMPRINT)
Place of publication, distribution, etc Paris :
Name of publisher, distributor, etc Libr. générale de droit et de jurisprudence,
Date of publication, distribution, etc 1990.
300 ## - PHYSICAL DESCRIPTION
Extent xix, 301 p. ;
Dimensions 24 cm.
490 1# - SERIES STATEMENT
Series statement Bibliothèque de droit international ;
Volume number/sequential designation t. 100
504 ## - BIBLIOGRAPHY, ETC. NOTE
Bibliography, etc Includes bibliographical references (p. [283]-291).
610 26 - SUBJECT ADDED ENTRY--CORPORATE NAME
Corporate name or jurisdiction name as entry element Cour internationale de justice.
9 (RLIN) 10985
610 27 - SUBJECT ADDED ENTRY--CORPORATE NAME
Corporate name or jurisdiction name as entry element International Court of Justice
9 (RLIN) 10986
650 #7 - SUBJECT ADDED ENTRY--TOPICAL TERM
Topical term or geographic name as entry element Foreign relations
9 (RLIN) 10987
650 #7 - SUBJECT ADDED ENTRY--TOPICAL TERM
Topical term or geographic name as entry element INTERNATIONAL COURTS
9 (RLIN) 10988
651 #7 - SUBJECT ADDED ENTRY--GEOGRAPHIC NAME
Geographic name Etats-Unis
General subdivision Relations extérieures
Geographic subdivision Nicaragua.
Source of heading or term ram
9 (RLIN) 10989
651 #7 - SUBJECT ADDED ENTRY--GEOGRAPHIC NAME
Geographic name Nicaragua
General subdivision Relations extérieures
Geographic subdivision Etats-Unis.
Source of heading or term ram
9 (RLIN) 10990
651 #0 - SUBJECT ADDED ENTRY--GEOGRAPHIC NAME
Geographic name United States
General subdivision Foreign relations
Geographic subdivision Nicaragua.
9 (RLIN) 10991
651 #0 - SUBJECT ADDED ENTRY--GEOGRAPHIC NAME
Geographic name Nicaragua
General subdivision Foreign relations
Geographic subdivision United States.
9 (RLIN) 10992
651 #6 - SUBJECT ADDED ENTRY--GEOGRAPHIC NAME
Geographic name Nicaragua
General subdivision Relations extérieures
Geographic subdivision États-Unis.
9 (RLIN) 10993
651 #6 - SUBJECT ADDED ENTRY--GEOGRAPHIC NAME
Geographic name États-Unis
General subdivision Relations extérieures
Geographic subdivision Nicaragua.
9 (RLIN) 10994
651 #7 - SUBJECT ADDED ENTRY--GEOGRAPHIC NAME
Geographic name Nicaragua
9 (RLIN) 10995
651 #7 - SUBJECT ADDED ENTRY--GEOGRAPHIC NAME
Geographic name USA
9 (RLIN) 10996
653 #0 - INDEX TERM--UNCONTROLLED
Uncontrolled term Nicaragua
-- Foreign relations
-- United States
653 #0 - INDEX TERM--UNCONTROLLED
Uncontrolled term United States
-- Foreign relations
-- Nicaragua
776 08 - ADDITIONAL PHYSICAL FORM ENTRY
Display text Online version:
Main entry heading Lang, Caroline, docteur en droit.
Title Affaire Nicaragua-Etats-Unis devant la Cour internationale de justice.
Place, publisher, and date of publication Paris : Libr. générale de droit et de jurisprudence, 1990
Record control number (OCoLC)556053659
830 #0 - SERIES ADDED ENTRY--UNIFORM TITLE
Uniform title Bibliothèque de droit international ;
Volume number/sequential designation t. 100.
9 (RLIN) 10997
942 ## - ADDED ENTRY ELEMENTS (KOHA)
Source of classification or shelving scheme Library of Congress Classification
Koha item type Books
Holdings
Home library Current library Shelving location Date acquired Full call number Barcode Koha item type
African Court on Human and Peoples' Rights Library African Court on Human and Peoples' Rights Library   23/05/2013 JX1428 .L36 10028722 Books

African Court on Human and Peoples' Rights | For Inquiries Contact » +255 272 510 510